Record of decision : motorized vehicle use on the Rogue River-Siskiyou National Forest : final environmental impact statement : Pacific Northwest Region, Rogue River-Siskiyou National Forest : Douglas, Klamath, Jackson, Curry, Coos, and Josephine counties in Oregon, Del Norte and Siskiyou counties in California.

Bibliographic Details
Format: Government Document eBook
Language:English
Published: [Ashland, Oregon?] : United States Department of Agriculture, Forest Service, Pacific Northwest Region, [2009]
Subjects:
Online Access:https://purl.fdlp.gov/GPO/gpo53185

MARC

Tag First Indicator Second Indicator Subfields
LEADER 00000cam a2200000 i 4500
001 in00003522921
005 20211120172717.0
006 m o d f
007 cr cn|||||||||
008 141110s2009 orub o f000 0 eng c
035 |a (OCoLC)ocn894895407 
040 |a GPO  |b eng  |e rda  |e pn  |c GPO  |d MvI  |d UtOrBLW 
042 |a pcc 
049 |a WWW 
070 0 |a aSD428.R6  |b R46 2009 
074 |a 0080-F (online) 
086 0 |a A 13.92:R 63/4/REC. 
245 0 0 |a Record of decision :  |b motorized vehicle use on the Rogue River-Siskiyou National Forest : final environmental impact statement : Pacific Northwest Region, Rogue River-Siskiyou National Forest : Douglas, Klamath, Jackson, Curry, Coos, and Josephine counties in Oregon, Del Norte and Siskiyou counties in California. 
246 1 7 |a Record of decision :  |b motorized vehicle use on the RRSNF 
246 3 0 |a Motorized vehicle use on the Rogue River-Siskiyou National Forest 
264 1 |a [Ashland, Oregon?] :  |b United States Department of Agriculture, Forest Service, Pacific Northwest Region,  |c [2009] 
300 |a 1 online resource (34 unnumbered pages) :  |b color maps +  |e 1 color map 
336 |a text  |b txt  |2 rdacontent 
337 |a computer  |b c  |2 rdamedia 
338 |a online resource  |b cr  |2 rdacarrier 
500 |a Title from title screen (viewed on Nov. 10, 2014). 
500 |a "December 2009." 
650 0 |a Forest management  |z Rogue River-Siskiyou National Forest (Or. and Calif.) 
650 0 |a Motor vehicles  |x Environmental aspects  |z Rogue River-Siskiyou National Forest (Or. and Calif.) 
650 0 |a Off-road vehicles  |x Environmental aspects  |z Rogue River-Siskiyou National Forest (Or. and Calif.) 
650 0 |a Forest roads  |x Environmental aspects  |z Rogue River-Siskiyou National Forest (Or. and Calif.) 
710 1 |a United States.  |b Forest Service.  |b Pacific Northwest Region,  |e issuing body. 
776 0 8 |i Print version:  |t Record of decision : motorized vehicle use on the Rogue River-Siskiyou National Forest  |w (OCoLC)519442146 
856 4 0 |u https://purl.fdlp.gov/GPO/gpo53185  |t 0 
999 |a MARS 
999 f f |s 8328deae-0182-390f-8325-36ae78abd05f  |i eeed8aad-9146-319a-afe8-a4f76e936515  |t 0 
952 f f |a Texas A&M University  |b College Station  |c Electronic Resources  |d Available Online  |t 0  |e A 13.92:R 63/4/REC.  |h Superintendent of Documents classification 
998 f f |a A 13.92:R 63/4/REC.  |t 0  |l Available Online